000 00831nam a2200277Ia 4500
003 GCL
008 140319s9999 xx 000 0 ara d
040 _aGCL /
_cGCL
082 0 4 _aط
_b523.4
_bب س
100 1 _aسعدالله جويجاتى
245 1 0 _aالسماء فى الليل /
_cسعدالله جويجاتى
700 1 _aبروك، مارى ت.
700 1 _aعدنان عطفة (مترجم)
260 _a[S.N] :
_bمكتبة لبنان
490 _aسلسلة كتب الطبيعة
_v0
650 0 4 _aالاطفال
650 0 4 _aالنجوم
650 0 4 _aالفلك
650 0 4 _aالمراصد الفلكية
650 0 4 _aالكون
650 0 4 _aالكواكب
650 0 4 _aالمذنبات
650 0 4 _aالمجموعة الشمسية
650 0 4 _aفصول السنة
942 _2ddc
_cBK
999 _c32710
_d32710